| Поле | Инд. | ПП | Название | Значение |
|---|---|---|---|---|
| Тип записи | a | |||
| Библиографический уровень | m | |||
| 001 | Контрольный номер | RU/IS/BASE/403270526 | ||
| 005 | Дата корректировки | 20230303151847.3 | ||
| 040 | b | Код языка каталог. | rus | |
| 041 | 0_ | a | Код языка текста | rus |
| 080 | a | Индекс УДК | 004.42 | |
| 084 | a | Индекс другой классификации/Индекс ББК | 32.973 | |
| 090 | a | Полочн. индекс | 681.3 | |
| x | Авторский знак | Х94 | ||
| 097 | b | Оператор | 11 | |
| 100 | 1_ | a | Автор | Хромов В. И. |
| 245 | 10 | a | Заглавие | Введение в программирование для систем телеобработки данных |
| 260 | a | Место издания | М. | |
| b | Издательство | Финансы и статистика | ||
| c | Дата издания | 1982 | ||
| 300 | a | Объем | 176 с. | |
| b | Иллюстрации/ тип воспроизводства | ил. | ||
| 510 | 0_ | a | Примечание о ссылках | Книги и методические пособия |
| 650 | 04 | a | Основная рубрика | 50.41 Программное обеспечение вычислительных машин, комплексов и сетей |
| x | Основная подрубрика | 50.41.21 Системы управления базами данных (СУБД) | ||
| 653 | 0_ | a | Ключевые слова | программирование; вычислительные системы; информация; обработка данных; данные (выч. тех.) |
| 700 | 1_ | a | Другие авторы | Ульянов С. А. |
| 901 | t | Тип документа | m |